Fire Emblem Heroes Sword Infantry Units - Statistics

General Stats
  • This quiz has been taken 92 times
    3 since last reset
  • The average score is 105 of 123
Answer Stats
Answer % Correct
Alear (F)
100%
Alear (M)
100%
Alear (M) (Fallen)
100%
Alfonse
100%
Alfonse (Chosen)
100%
Alm
100%
Alm (CYL)
100%
Athena
100%
Ayra
100%
Ayra (Legendary)
100%
Bartre (Spring)
100%
Byleth (F)
100%
Byleth (F) (Fallen)
100%
Byleth (M)
100%
Byleth (M) (CYL)
100%
Catherine
100%
Celica (CYL)
100%
Celica (CYL) (Harmonic)
100%
Celica (Fallen)
100%
Chrom
100%
Chulainn
100%
Corrin (M)
100%
Dagr (Aided)
100%
Diamant
100%
Edward
100%
Eirika
100%
Eirika (Young)
100%
Felix
100%
Felix (CYL)
100%
Felix (Young)
100%
Fir
100%
Fir (Ascended)
100%
Galzus
100%
Guy
100%
Harken
100%
Ike
100%
Ike (Emblem)
100%
Ike (Fallen)
100%
Ike (Legendary)
100%
Ike (Young)
100%
Inigo
100%
Jesse
100%
Joshua
100%
Kamui
100%
Karel
100%
Karla
100%
Lapis
100%
Larcei
100%
Laslow
100%
Leif
100%
Lene
100%
Líf
100%
Lloyd
100%
Lloyd (Fallen)
100%
Lucina
100%
Lumera
100%
Lyn
100%
Lyon (Summer)
100%
Machyua
100%
Mareeta
100%
Mareeta (Ascended)
100%
Mareeta (Fallen)
100%
Marisa
100%
Marth
100%
Marth (CYL)
100%
Marth (Emblem)
100%
Marth (Legendary)
100%
Marth (Masked)
100%
Marth (Young)
100%
Mia
100%
Mia (Young)
100%
Navarre
100%
Ogma
100%
Ogma (Arena)
100%
Owain
100%
Phina
100%
Roy
100%
Roy (Legendary)
100%
Rutger
100%
Ryoma
100%
Ryoma (Attuned)
100%
Say'ri
100%
Scáthach
100%
Selena (Fates)
100%
Seliph
100%
Severa
100%
Shannan
100%
Soleil
100%
Yen'fay
100%
Zihark (Ninja)
100%
Altina (Winter)
50%
Astram
50%
Elincia (Duo)
50%
Eyvel
50%
Fjorm (Summer)
50%
Flavia
50%
Gray
50%
Hana
50%
Helbindi (Summer)
50%
Hinata
50%
Holst
50%
Itsuki
50%
Kagetsu
50%
Kris (M)
50%
Laevatein
50%
Lamia
50%
Lon'qu
50%
Lucia
50%
Malice
50%
Malice (Desert)
50%
Nemesis
50%
Ogier
50%
Priam
50%
Robin (M) (CYL)
50%
Saber
50%
Shez (M)
50%
Silvia
50%
Stefan
50%
Tobin
50%
Gregor
0%
Oboro (Wedding)
0%
Olivia
0%
Rinkah (Flame)
0%
No matching quizzes found
Score Distribution
Percent of People with Each Score
Percentile by Number Answered
Your Score History
You have not taken this quiz since the last reset